MARC

Tag First Indicator Second Indicator Subfields
LEADER 00000cam a2200000 a 4500
001 in00001481925
005 20151021063144.0
008 980814s1999 inu b 001 0deng
010 |a  98041339  
020 |a 026801194X (cloth : alk. paper) 
035 |a (OCoLC)39849419 
035 |9 AJG3440AM 
040 |a DLC  |c DLC  |d TXA  |d UtOrBLW 
049 |a TXAM 
050 0 0 |a BV5095.J84  |b B38 1999 
082 0 0 |a 230/.2/092  |2 21 
100 1 |a Bauerschmidt, Frederick Christian. 
245 1 0 |a Julian of Norwich and the mystical body politic of Christ /  |c Frederick Christian Bauerschmidt. 
264 1 |a Notre Dame, Ind. :  |b University of Notre Dame Press,  |c [1999] 
264 4 |c ©1999 
300 |a xii, 290 pages ;  |c 23 cm. 
336 |a text  |b txt  |2 rdacontent 
337 |a unmediated  |b n  |2 rdamedia 
338 |a volume  |b nc  |2 rdacarrier 
490 1 |a Studies in spirituality and theology ;  |v 5 
504 |a Includes bibliographical references (pages 267-281) and index. 
600 0 0 |a Julian,  |c of Norwich,  |d 1343- 
650 0 |a Christianity and politics  |x History of doctrines  |y Middle Ages, 600-1500. 
600 0 0 |a Jesus Christ  |x Mystical body  |x History of doctrines  |y Middle Ages, 600-1500. 
650 0 |a Mysticism  |z England  |x History  |y Middle Ages, 600-1500. 
830 0 |a Studies in spirituality and theology ;  |v 5. 
948 |a c:ktn 
999 |a MARS 
999 f f |s 13256864-751e-30fc-90d7-63ac912c0062  |i 3e534a29-1fd7-32c5-af1f-8a441c6720ad  |t 0 
952 f f |p normal  |a Texas A&M University  |b College Station  |c Sterling C. Evans Library  |d Evans: Library Stacks  |t 0  |e BV5095.J84 B38 1999  |h Library of Congress classification  |i unmediated -- volume  |m A14824141558 
998 f f |a BV5095.J84 B38 1999  |t 0  |l Evans: Library Stacks